[Event "Rated Blitz game"]
[Site "?"]
[Date "2021.11.04"]
[Round "?"]
[White "Zanelek"]
[Black "rofaidah"]
[Result "1-0"]
[WhiteElo "2460"]
[BlackElo "2490"]
[PlyCount "131"]
[EventDate "2021.??.??"]
[EventType "blitz"]

1. e4 e5 2. Nf3 d5 3. exd5 e4 4. Ne5 Qxd5 5. d4 exd3 6. Nxd3 Qe6+ 7. Qe2 Bd6 8.
Nc3 Nf6 9. Bg5 Nbd7 10. Qxe6+ fxe6 11. Be2 Kf7 12. O-O-O h6 13. Bh4 Re8 14. h3
Ne5 15. Bg3 Nxd3+ 16. Rxd3 Bxg3 17. Rxg3 Bd7 18. Bf3 Bc6 19. Bxc6 bxc6 20. Re1
Rad8 21. Rge3 Nd5 22. Rf3+ Kg8 23. Ne4 Rd7 24. Nc5 Rde7 25. c4 Nf6 26. Rfe3 e5
27. f3 Kf7 28. Kc2 g5 29. a3 Kg6 30. b4 Kf7 31. Kc3 Kg6 32. Kb3 Kf7 33. Ka4 h5
34. Ka5 h4 35. Ka6 Kg6 36. Kxa7 Kf5 37. a4 Kf4 38. a5 Kg3 39. R1e2 Nh5 40. Nd3
Nf4 41. Nxf4 gxf4 42. Re4 c5 43. bxc5 c6+ 44. Kb6 Rb8+ 45. Kxc6 Ra8 46. Kd6
Rea7 47. Rxe5 Rxa5 48. Rg5+ Kh2 49. g3+ Kxh3 50. gxf4 Rd8+ 51. Kc7 Rd1 52. Rc2
Ra7+ 53. Kb6 Rda1 54. Rb2 R1a6+ 55. Kb5 Ra5+ 56. Kb4 Ra4+ 57. Kc3 Ra3+ 58. Rb3
Ra1 59. c6 Rc7 60. Rg6 Kh2 61. Kb4 Kh1 62. Kc5 h3 63. Kb6 Rc8 64. c7 h2 65. Rh6
Kg1 66. Kb7 {Time forfeit} 1-0

[Event "Rated Rapid game"]
[Site "?"]
[Date "2021.11.04"]
[Round "?"]
[White "BufferUnderflow"]
[Black "Boris-Trapsky"]
[Result "1-0"]
[WhiteElo "2385"]
[BlackElo "2489"]
[PlyCount "65"]
[EventDate "2021.??.??"]
[EventType "rapid"]

1. e4 e5 2. Nf3 d5 3. exd5 Qxd5 4. Nc3 Qe6 5. Bb5+ c6 6. Ba4 e4 7. O-O b5 8.
Bb3 Qe7 9. Nxe4 a5 10. Re1 Kd7 11. d4 Kc7 12. Bf4+ Kb6 13. a4 Nf6 14. Nc3 Qd8
15. axb5 Kb7 16. Ne5 Qb6 17. Na4 Qxb5 18. Bc4 Bg4 19. f3 Be6 20. Bxb5 cxb5 21.
Qd3 bxa4 22. Qb5+ Kc8 23. Nc4 Nfd7 24. Nb6+ Kd8 25. Nxa8 Bb4 26. c3 a3 27. cxb4
axb2 28. Qxa5+ Ke8 29. Qg5 Ne5 30. Qxe5 bxa1=R 31. Rxa1 f6 32. Qxe6+ Kf8 33.
Bd6# {Normal} 1-0

[Event "Rated Blitz game"]
[Site "?"]
[Date "2021.11.04"]
[Round "?"]
[White "Erickglezmesa"]
[Black "alaeldin1212"]
[Result "0-1"]
[WhiteElo "2452"]
[BlackElo "2352"]
[PlyCount "122"]
[EventDate "2021.??.??"]
[EventType "blitz"]

1. e4 e5 2. Nf3 d5 3. exd5 e4 4. Qe2 Nf6 5. d3 Qxd5 6. Nfd2 Be7 7. dxe4 Qd8 8.
Qd3 Bd7 9. e5 Ng4 10. Nf3 Nc6 11. Bf4 Nb4 12. Qe2 Bf5 13. Na3 Bc5 14. Bg3 O-O
15. h3 Bxc2 16. hxg4 Nd3+ 17. Kd2 Nf4+ 18. Kxc2 Nxe2 19. Bxe2 Qd7 20. Nb5 a6
21. Nc3 Qxg4 22. Rh4 Qd7 23. Bd3 h6 24. Rd1 Qe6 25. Ng5 Qb6 26. Nge4 Rad8 27.
Rg4 Bd4 28. Bf4 f5 29. exf6 Rxf6 30. Nxf6+ Bxf6 31. Be3 Qe6 32. Rg3 Kh8 33. Rh1
Bxc3 34. Kxc3 Qxa2 35. Bxh6 Rxd3+ 36. Rxd3 gxh6 37. Rxh6+ Kg7 38. Rhh3 c5 39.
Rd7+ Kf6 40. Rh6+ Ke5 41. Rh5+ Ke6 42. Rdd5 b6 43. Rdg5 Qa5+ 44. Kc2 Qa4+ 45.
Kc1 Qf4+ 46. Kb1 Qxf2 47. Rg6+ Kf7 48. Rhh6 Qf5+ 49. Kc1 Qxg6 50. Rxg6 Kxg6 51.
Kd2 b5 52. Ke3 Kf5 53. Kf3 a5 54. Ke3 a4 55. Kd3 Kf4 56. Kc3 Kg3 57. Kd3 Kxg2
58. Ke4 b4 59. Kd3 Kf3 60. Kc4 Ke3 61. Kxc5 a3 {Normal} 0-1

[Event "Rated Blitz game"]
[Site "?"]
[Date "2021.11.04"]
[Round "?"]
[White "Lidiodelgado"]
[Black "SerialDrinker"]
[Result "0-1"]
[WhiteElo "2425"]
[BlackElo "2354"]
[PlyCount "166"]
[EventDate "2021.??.??"]
[EventType "blitz"]

1. e4 e5 2. Nf3 d5 3. Nxe5 Bd6 4. d4 dxe4 5. Nc4 Be7 6. Nc3 f5 7. Be2 Nf6 8.
Bf4 c6 9. h3 Be6 10. O-O O-O 11. Ne5 Nbd7 12. f3 Nxe5 13. Bxe5 exf3 14. Bxf3
Qd7 15. Ne2 Rad8 16. Nf4 Bf7 17. c3 Nd5 18. Nxd5 Bxd5 19. Bxd5+ Qxd5 20. Qb3
Qxb3 21. axb3 a6 22. b4 g6 23. Kf2 Kf7 24. Kf3 Ke6 25. Rfe1 Kd5 26. Bc7 Rd7 27.
Re5+ Kc4 28. Bb6 Rf7 29. Bc5 Bf6 30. Re6 Kb3 31. Re2 Bg5 32. Ra3+ Kc4 33. g3
Bf6 34. h4 h5 35. Ra1 Kb3 36. Ra3+ Kc4 37. Ke3 Be7 38. Kd2 Bxc5 39. bxc5 Rde7
40. b3+ Kd5 41. Rxe7 Rxe7 42. Ra4 Ke4 43. Rb4 Kf3 44. c4 Kxg3 45. d5 f4 46. d6
Rd7 47. Ra4 f3 48. Ra1 f2 49. Ke3 Kg2 50. Ra2 Rf7 51. d7 Rxd7 52. Rxf2+ Kg3 53.
Rf6 Re7+ 54. Kd4 Kxh4 55. Rxg6 Kh3 56. b4 h4 57. b5 axb5 58. cxb5 cxb5 59. Kd5
Kh2 60. c6 bxc6+ 61. Kxc6 b4 62. Kc5 b3 63. Rb6 h3 64. Rxb3 Kg2 65. Rb2+ Kf1
66. Rb1+ Kf2 67. Rb2+ Re2 68. Rb8 h2 69. Rh8 Kg1 70. Kd4 h1=Q 71. Rxh1+ Kxh1
72. Kd3 Rg2 73. Ke3 Kh2 74. Kf3 Rg3+ 75. Kf2 Kh3 76. Ke2 Kh4 77. Kf2 Kg4 78.
Ke2 Kf4 79. Kf2 Rg4 80. Ke2 Ke4 81. Kf2 Rg5 82. Kf1 Ke3 83. Ke1 Rg1# {Normal}
0-1

[Event "Rated Blitz game"]
[Site "?"]
[Date "2021.11.04"]
[Round "?"]
[White "Zanelek"]
[Black "rofaidah"]
[Result "0-1"]
[WhiteElo "2459"]
[BlackElo "2491"]
[PlyCount "80"]
[EventDate "2021.??.??"]
[EventType "blitz"]

1. e4 e5 2. Nf3 d5 3. exd5 e4 4. Ne5 Qxd5 5. d4 exd3 6. Nxd3 Qe6+ 7. Qe2 Bd6 8.
Qxe6+ Bxe6 9. Be2 Nc6 10. O-O O-O-O 11. Be3 Nf6 12. Bf3 Nb4 13. Nxb4 Bxb4 14.
a3 Bd6 15. Nd2 Kb8 16. c4 Ng4 17. Bxg4 Bxg4 18. Rfe1 f5 19. h3 Bh5 20. Bg5 Rde8
21. b4 f4 22. f3 Be5 23. Rad1 h6 24. Bh4 Bc3 25. Rxe8+ Rxe8 26. Ne4 Bb2 27. a4
g5 28. Bf2 Bg6 29. Nc5 b6 30. Na6+ Kb7 31. b5 Bf5 32. c5 bxc5 33. Nxc5+ Kc8 34.
Na6 Kb7 35. Rd2 Ba3 36. Rd5 Be6 37. Rd3 Bd6 38. Bc5 Bc4 39. Rc3 Re1+ 40. Kf2
Rf1# {Normal} 0-1

[Event "Rated Blitz tournament aJ22hV7W"]
[Site "?"]
[Date "2021.11.04"]
[Round "?"]
[White "kc6"]
[Black "Tyutyunov_Aleksei"]
[Result "1-0"]
[WhiteElo "2599"]
[BlackElo "2228"]
[PlyCount "117"]
[EventDate "2021.??.??"]
[EventType "blitz"]

1. e4 e5 2. Nf3 d5 3. exd5 e4 4. Qe2 Qe7 5. Nd4 Qe5 6. Nb5 Bd6 7. d4 Qe7 8. c4
b6 9. N1c3 f5 10. Nxd6+ cxd6 11. Bf4 a6 12. c5 bxc5 13. dxc5 dxc5 14. d6 Qe6
15. Qc4 Nf6 16. Qxc5 Nbd7 17. Qd4 Qf7 18. O-O-O Bb7 19. Bc4 Qg6 20. h3 Rc8 21.
Kb1 Rc5 22. Be6 Kd8 23. g4 fxg4 24. hxg4 Re8 25. Bf5 Rxf5 26. gxf5 Qxf5 27. Be3
Re5 28. Qa7 Rb5 29. Nxb5 Qxb5 30. Rhg1 g6 31. Rc1 Ke8 32. Rgd1 Bd5 33. Qd4 Kf7
34. Rc7 Ke6 35. Bf4 Qa5 36. b3 Qb5 37. Rxd7 Nxd7 38. Qg7 Nf6 39. Qe7+ Kf5 40.
Qe5+ Kg4 41. Qg5+ Kf3 42. Qg3+ Ke2 43. Qg1 Qd3+ 44. Rxd3 Kxd3 45. Qd1+ Kc3 46.
Be5+ Kb4 47. Bxf6 Kc5 48. Qd4+ Kxd6 49. Qxd5+ Kxd5 50. Bc3 Ke6 51. Kc2 Kd5 52.
Kd2 Ke6 53. Ke3 Kd5 54. Kf4 Ke6 55. Kxe4 Kd7 56. Ke3 Kc6 57. f3 Kd7 58. f4 Kc6
59. f5 {Time forfeit} 1-0

[Event "Rated Blitz game"]
[Site "?"]
[Date "2021.11.04"]
[Round "?"]
[White "Vadim-fblpk"]
[Black "Erickglezmesa"]
[Result "1-0"]
[WhiteElo "2366"]
[BlackElo "2422"]
[PlyCount "45"]
[EventDate "2021.??.??"]
[EventType "blitz"]

1. e4 e5 2. Nf3 d5 3. exd5 e4 4. Nd4 Qxd5 5. Nb3 Nf6 6. Nc3 Qe5 7. Be2 Nc6 8.
d4 exd3 9. Qxd3 Bf5 10. Qd1 Rd8 11. Bd2 Bd6 12. Nb5 Bb4 13. c3 Bd6 14. Nxd6+
Rxd6 15. O-O O-O 16. Re1 Rfd8 17. Bf3 Qb5 18. Qe2 Bd3 19. Qe3 a5 20. Qc5 h6 21.
Qxb5 Bxb5 22. Bf4 R6d7 23. Nc5 {Normal} 1-0

[Event "Rated Blitz game"]
[Site "?"]
[Date "2021.11.04"]
[Round "?"]
[White "RafaelCabral"]
[Black "Erickglezmesa"]
[Result "0-1"]
[WhiteElo "2316"]
[BlackElo "2425"]
[PlyCount "74"]
[EventDate "2021.??.??"]
[EventType "blitz"]

1. e4 e5 2. Nf3 d5 3. exd5 e4 4. Qe2 Nf6 5. Nc3 Bf5 6. Nh4 Bg4 7. f3 Bc8 8.
Nxe4 Nxe4 9. Qxe4+ Be7 10. Nf5 Bxf5 11. Qxf5 O-O 12. Bc4 Bc5 13. c3 Qh4+ 14.
Kd1 Qxc4 15. d4 Re8 16. Bd2 Bf8 17. h4 Qb5 18. b3 Qd7 19. Qxd7 Nxd7 20. c4 h5
21. Bf4 Bd6 22. Bxd6 cxd6 23. Kd2 Re7 24. Rae1 Rae8 25. Rxe7 Rxe7 26. b4 b6 27.
a4 Kh7 28. Ra1 Kg6 29. a5 b5 30. c5 Nf6 31. a6 Nxd5 32. Ra5 dxc5 33. bxc5 b4
34. Rb5 Re6 35. c6 Nc7 36. Rb7 Rxc6 37. Rxa7 b3 {Time forfeit} 0-1

[Event "Rated Blitz tournament hgmNBDqn"]
[Site "?"]
[Date "2021.11.04"]
[Round "?"]
[White "tingkertoe"]
[Black "om_gendut"]
[Result "0-1"]
[WhiteElo "2202"]
[BlackElo "2434"]
[PlyCount "114"]
[EventDate "2021.??.??"]
[EventType "blitz"]

1. e4 e5 2. Nf3 d5 3. Nxe5 Bd6 4. d4 dxe4 5. Nc4 Be7 6. c3 Nf6 7. Be2 O-O 8.
O-O Bf5 9. Bf4 Nbd7 10. Nbd2 Nb6 11. Qb3 Be6 12. Qc2 Bf5 13. Qb3 h6 14. Nxb6
axb6 15. Qc4 Nd5 16. Bg3 c6 17. Qb3 Bg6 18. Nc4 b5 19. Ne3 Nf6 20. Be5 Nd7 21.
Bg3 Nb6 22. f3 exf3 23. Bxf3 Bd6 24. Bf2 Qc7 25. h3 Rae8 26. Rae1 Bh2+ 27. Kh1
Bg3 28. Qd1 Bxf2 29. Rxf2 Re7 30. Rfe2 Rfe8 31. Nf1 Nc4 32. Rxe7 Rxe7 33. Rxe7
Qxe7 34. b3 Nd6 35. Qe2 Qxe2 36. Bxe2 Bb1 37. a3 Be4 38. Nd2 Bd5 39. c4 bxc4
40. bxc4 Be6 41. c5 Nf5 42. Nf3 Bd5 43. Kh2 Bxf3 44. Bxf3 Nxd4 45. a4 Nb3 46.
Kg3 Nxc5 47. Bd1 Kf8 48. Kf4 Ke7 49. Ke5 Nd7+ 50. Kd4 Kd6 51. a5 Nc5 52. Bf3
Ne6+ 53. Kc4 f5 54. g4 fxg4 55. hxg4 g5 56. Bg2 Nf4 57. Kb4 Nxg2 {Normal} 0-1

[Event "Rated Blitz game"]
[Site "?"]
[Date "2021.11.04"]
[Round "?"]
[White "Vyka"]
[Black "rofaidah"]
[Result "1-0"]
[WhiteElo "2601"]
[BlackElo "2489"]
[PlyCount "109"]
[EventDate "2021.??.??"]
[EventType "blitz"]

1. e4 e5 2. Nf3 d5 3. Nxe5 Qe7 4. d4 f6 5. Qh5+ g6 6. Nxg6 Qxe4+ 7. Be3 Qxg6 8.
Qxd5 Bd6 9. Bd3 Qf7 10. Qf3 Ne7 11. Nc3 Nbc6 12. a3 Bd7 13. O-O-O O-O-O 14.
Rhe1 h5 15. h3 Kb8 16. Qe2 Nd5 17. Bd2 Nxc3 18. Bxc3 Rhe8 19. Qf1 Rxe1 20. Rxe1
Re8 21. Rd1 f5 22. Kb1 f4 23. Bc4 Qg6 24. Bd5 a6 25. Bf3 Bf8 26. Re1 Bg7 27.
Rxe8+ Qxe8 28. d5 Ne5 29. Bd1 Qg6 30. Qe2 Bb5 31. Qxh5 Qf6 32. Bf3 Bd7 33. Be4
c6 34. f3 cxd5 35. Bxd5 Bc6 36. Bxc6 bxc6 37. Qe8+ Kc7 38. Qa8 c5 39. Ba5+ Kd7
40. Qb7+ Ke6 41. Bc3 Qf7 42. Qxa6+ Kf5 43. Qd6 Qd7 44. Qxd7+ Nxd7 45. Bxg7 c4
46. Bd4 Kg5 47. b4 Kh4 48. Bf2+ Kg5 49. Kb2 Ne5 50. Bd4 Ng6 51. Bf2 Ne5 52. Kc3
Kf5 53. a4 Ng6 54. a5 Ne7 55. Kd4 {Normal} 1-0

[Event "Rated Blitz game"]
[Site "?"]
[Date "2021.11.04"]
[Round "?"]
[White "revoltp"]
[Black "Erickglezmesa"]
[Result "0-1"]
[WhiteElo "2406"]
[BlackElo "2428"]
[PlyCount "88"]
[EventDate "2021.??.??"]
[EventType "blitz"]

1. e4 e5 2. Nf3 d5 3. Nxe5 dxe4 4. Bc4 Qg5 5. Bxf7+ Ke7 6. Bxg8 Rxg8 7. d4 Qxg2
8. Ke2 Nc6 9. Rg1 Nxd4+ 10. Qxd4 Qxg1 11. Qxe4 Be6 12. Nc3 Rd8 13. b3 Ke8 14.
Bb2 Qg5 15. Nf3 Qf5 16. Qxf5 Bxf5 17. Nb5 c6 18. Nbd4 Bg4 19. Kf1 Bc5 20. Re1+
Kf7 21. Ne5+ Kf8 22. Nxg4 Bxd4 23. Rd1 Bf6 24. Rxd8+ Bxd8 25. Ba3+ Be7 26. Bb2
Bd6 27. Ne3 g6 28. h3 h5 29. Nc4 Bf4 30. Na5 Ke7 31. Nxb7 Bd6 32. Na5 Kd7 33.
Nc4 Bc7 34. a4 a6 35. Bd4 Rf8 36. Kg2 Re8 37. Ne3 Re4 38. c3 Be5 39. Bxe5 Rxe5
40. Nc4 Re2 41. b4 Rc2 42. Ne5+ Kd6 43. Nxg6 Rxc3 44. Nf4 h4 {Time forfeit} 0-1

[Event "Rated Blitz tournament yE8bEVRD"]
[Site "?"]
[Date "2021.11.04"]
[Round "?"]
[White "agro_killer"]
[Black "Madjrs72"]
[Result "0-1"]
[WhiteElo "2452"]
[BlackElo "2394"]
[PlyCount "80"]
[EventDate "2021.??.??"]
[EventType "blitz"]

1. e4 e5 2. Nf3 d5 3. Nxe5 Bd6 4. d4 dxe4 5. Qh5 Qe7 6. Bc4 Be6 7. Bxe6 Qxe6 8.
O-O Nf6 9. Qg5 O-O 10. Bf4 Nc6 11. Nxc6 bxc6 12. Bg3 Rab8 13. b3 Rb5 14. Qd2
Rh5 15. Nc3 Bb4 16. a3 Bxc3 17. Qxc3 Nd5 18. Qd2 f5 19. Be5 f4 20. f3 e3 21.
Qd3 Qh6 22. h3 Qg5 23. c4 Rxh3 24. cxd5 Qg3 25. Bxf4 Qxf4 26. Rfe1 Qh2+ 27. Kf1
Rfxf3+ 28. Ke2 Qxg2+ 29. Kd1 e2+ 30. Qxe2 Rd3+ 31. Kc2 Rc3+ 32. Kb2 Rxb3+ 33.
Kc2 Rhc3+ 34. Kd2 Rb2+ 35. Kxc3 Rxe2 36. Rxe2 Qxe2 37. dxc6 Qb5 38. d5 Qxd5 39.
Re1 Qxc6+ 40. Kd2 h6 {Time forfeit} 0-1

[Event "Rated Blitz game"]
[Site "?"]
[Date "2021.11.04"]
[Round "?"]
[White "nmiq"]
[Black "Erickglezmesa"]
[Result "1-0"]
[WhiteElo "2541"]
[BlackElo "2513"]
[PlyCount "57"]
[EventDate "2021.??.??"]
[EventType "blitz"]

1. e4 e5 2. Nf3 d5 3. exd5 e4 4. Qe2 Qe7 5. Nd4 Nf6 6. Nc3 a6 7. d3 exd3 8.
Qxe7+ Bxe7 9. Bxd3 Nbd7 10. Bf4 Bb4 11. O-O-O Bxc3 12. bxc3 O-O 13. c4 b5 14.
Bxc7 bxc4 15. Bxc4 Bb7 16. Nc6 g6 17. Rhe1 Rfe8 18. f3 Rxe1 19. Rxe1 Re8 20.
Rxe8+ Nxe8 21. Bg3 Nef6 22. Bb3 Nc5 23. c4 Nfd7 24. Bd6 f6 25. Kd2 Kf7 26. Ke3
a5 27. Kd4 Nxb3+ 28. axb3 Nb6 29. Nxa5 {Normal} 1-0

[Event "Rated Blitz game"]
[Site "?"]
[Date "2021.11.04"]
[Round "?"]
[White "hblanco"]
[Black "rafarocks"]
[Result "1-0"]
[WhiteElo "2638"]
[BlackElo "2627"]
[PlyCount "41"]
[EventDate "2021.??.??"]
[EventType "blitz"]

1. e4 e5 2. Nf3 d5 3. exd5 e4 4. Qe2 Be7 5. Qxe4 Nf6 6. Bb5+ Nbd7 7. Qe2 O-O 8.
O-O a6 9. Ba4 b5 10. Bb3 Bb7 11. d4 Re8 12. Qd1 Nxd5 13. Re1 N7f6 14. Nbd2 Rc8
15. c3 c5 16. Nf1 h6 17. Ng3 cxd4 18. Nxd4 Bd6 19. Rxe8+ Qxe8 20. Bd2 Qc6 21.
Nxc6 {Normal} 1-0

[Event "Rated Blitz game"]
[Site "?"]
[Date "2021.11.04"]
[Round "?"]
[White "Wisserke"]
[Black "Annali-annaliew1979"]
[Result "1/2-1/2"]
[WhiteElo "2481"]
[BlackElo "2438"]
[PlyCount "136"]
[EventDate "2021.??.??"]
[EventType "blitz"]

1. e4 e5 2. Nf3 d5 3. Nxe5 Qe7 4. d4 f6 5. Nd3 Nc6 6. e5 Nxd4 7. Be2 fxe5 8.
O-O e4 9. Nf4 Nxe2+ 10. Qxe2 c6 11. c4 Nf6 12. cxd5 cxd5 13. Nc3 Be6 14. Nxe6
Qxe6 15. Bg5 Be7 16. Qb5+ Qc6 17. Rfd1 O-O-O 18. Qa5 Kb8 19. Bxf6 Bxf6 20. Nxd5
b6 21. Nb4 Rxd1+ 22. Rxd1 bxa5 23. Nxc6+ Kc7 24. Nxa5 Bxb2 25. Nc4 Bf6 26. Kf1
Rb8 27. Ke2 Rb4 28. Ne3 Kc6 29. Rd2 a5 30. Rc2+ Kb7 31. Nd5 Rb2 32. Rxb2+ Bxb2
33. Ke3 Kc6 34. Nf4 Kc5 35. Kxe4 Kb4 36. Nd3+ Ka3 37. Nxb2 Kxb2 38. a4 Kb3 39.
f4 Kxa4 40. g4 Kb4 41. f5 a4 42. g5 a3 43. f6 gxf6 44. gxf6 a2 45. f7 a1=Q 46.
f8=Q+ Kb5 47. Qb8+ Kc6 48. Qe8+ Kb7 49. Qe7+ Kc8 50. Qc5+ Kb7 51. Qd5+ Kc8 52.
Qg8+ Kd7 53. Qxh7+ Ke8 54. Qg6+ Kf8 55. Qf5+ Kg8 56. Qg4+ Kh7 57. h4 Qa4+ 58.
Kf5 Qd7+ 59. Kg5 Qe7+ 60. Kf4 Qd6+ 61. Kf3 Qd1+ 62. Kf4 Qd4+ 63. Kf5 Qd7+ 64.
Kg5 Qe7+ 65. Kf4 Qd6+ 66. Kf3 Qd1+ 67. Kf4 Qd4+ 68. Kf3 Qd1+ {Normal} 1/2-1/2

[Event "Rated Blitz tournament iQv8Volt"]
[Site "?"]
[Date "2021.11.04"]
[Round "?"]
[White "Zayats71"]
[Black "Maltinho"]
[Result "1-0"]
[WhiteElo "2760"]
[BlackElo "2563"]
[PlyCount "89"]
[EventDate "2021.??.??"]
[EventType "blitz"]

1. e4 e5 2. Nf3 d5 3. Nxe5 Bd6 4. d4 dxe4 5. Nc3 Bxe5 6. dxe5 Qxd1+ 7. Nxd1 Nc6
8. Bf4 Nge7 9. Nc3 Ng6 10. Bg3 h5 11. h3 Bf5 12. Bb5 Bd7 13. Nxe4 h4 14. Bh2
Ncxe5 15. Be2 Bc6 16. f3 Bxe4 17. fxe4 O-O-O 18. Rd1 f6 19. Kf2 Rxd1 20. Rxd1
Rd8 21. Rxd8+ Kxd8 22. a4 Ke7 23. Ke3 Kd6 24. b4 b6 25. Ba6 c5 26. c3 Kc7 27.
Bg1 cxb4 28. cxb4 Nc6 29. b5 Nce7 30. Bh2+ Ne5 31. Kd4 N7g6 32. Kd5 Kd7 33. Bb7
Kc7 34. Ba8 Kd7 35. Bc6+ Kc7 36. Ke6 Kd8 37. Bd5 Nf8+ 38. Kd6 Nd3 39. e5 fxe5
40. Bxe5 Nd7 41. Bxg7 N3c5 42. Bc6 Nb8 43. Bf6+ Kc8 44. a5 Nxc6 45. Kxc6 {
Time forfeit} 1-0

[Event "Rated Blitz game"]
[Site "?"]
[Date "2021.11.04"]
[Round "?"]
[White "Bibarys05"]
[Black "Erickglezmesa"]
[Result "0-1"]
[WhiteElo "2286"]
[BlackElo "2427"]
[PlyCount "20"]
[EventDate "2021.??.??"]
[EventType "blitz"]

1. e4 e5 2. Nf3 d5 3. Nxe5 dxe4 4. Bc4 Qg5 5. Bxf7+ Ke7 6. d4 Qxg2 7. Rf1 Nc6
8. Nxc6+ bxc6 9. Bxg8 Rxg8 10. Bf4 Ba6 {Normal} 0-1

[Event "Rated Blitz game"]
[Site "?"]
[Date "2021.11.04"]
[Round "?"]
[White "revoltp"]
[Black "Erickglezmesa"]
[Result "0-1"]
[WhiteElo "2404"]
[BlackElo "2429"]
[PlyCount "66"]
[EventDate "2021.??.??"]
[EventType "blitz"]

1. e4 e5 2. Nf3 d5 3. Nxe5 dxe4 4. Bc4 Qg5 5. Nxf7 Qxg2 6. Rf1 Bg4 7. Nxh8 Bxd1
8. Bxg8 Bg4 9. Bxh7 Qf3 10. Nc3 Bf5 11. Ng6 Qh5 12. Nxf8 Kxf8 13. Bxf5 Qxf5 14.
b3 Nc6 15. Ba3+ Kg8 16. O-O-O b5 17. Ne2 a5 18. Ng3 Qf3 19. Rde1 a4 20. Re3 Qg2
21. Bb2 axb3 22. axb3 Rf8 23. Rxe4 Rxf2 24. Rd1 Qxh2 25. Rg4 Rg2 26. Rxg7+ Kf8
27. Nf5 Rxg7 28. Nxg7 Nb4 29. Ne6+ Kf7 30. Nd4 Qh7 31. Ba3 c5 32. Bxb4 cxb4 33.
Nxb5 Qh8 {Time forfeit} 0-1

[Event "Rated Blitz game"]
[Site "?"]
[Date "2021.11.04"]
[Round "?"]
[White "hecs_mate"]
[Black "Armament_Haki"]
[Result "1-0"]
[WhiteElo "2303"]
[BlackElo "2542"]
[PlyCount "35"]
[EventDate "2021.??.??"]
[EventType "blitz"]

1. e4 e5 2. Nf3 d5 3. exd5 e4 4. Qe2 Be7 5. Qxe4 Nf6 6. Qe2 O-O 7. d3 Re8 8.
Be3 Nxd5 9. Nbd2 f5 10. O-O-O Nc6 11. g3 Bf6 12. Bg2 a5 13. h4 a4 14. a3 b5 15.
Ng5 b4 16. Qh5 Ne5 17. Qxh7+ Kf8 18. Bc5+ {Normal} 1-0

[Event "Rated Blitz game"]
[Site "?"]
[Date "2021.11.04"]
[Round "?"]
[White "Cardenal_Cuba"]
[Black "Bergerac1985"]
[Result "0-1"]
[WhiteElo "2416"]
[BlackElo "2267"]
[PlyCount "78"]
[EventDate "2021.??.??"]
[EventType "blitz"]

1. e4 e5 2. Nf3 d5 3. Nxe5 dxe4 4. d4 exd3 5. Bxd3 Bd6 6. Nc4 Nf6 7. Nxd6+ Qxd6
8. O-O O-O 9. h3 Nc6 10. Nc3 Rd8 11. Bg5 h6 12. Nb5 Qe7 13. Re1 Be6 14. Bxf6
gxf6 15. Qf3 Ne5 16. Qg3+ Kh8 17. Rxe5 fxe5 18. Qxe5+ Kg8 19. Re1 Qg5 20. Qe4
Rxd3 21. Qxd3 Rd8 22. Qg3 c6 23. Qxg5+ hxg5 24. Nc3 Kg7 25. Re2 b5 26. f3 Kg6
27. a3 a5 28. Kf2 Bc4 29. Re7 b4 30. axb4 axb4 31. Ne4 f5 32. Nc5 Rd2+ 33. Kg3
f4+ 34. Kh2 Rxc2 35. Rc7 Bd5 36. Na6 b3 37. Nb4 Bxf3 38. Nxc2 bxc2 39. gxf3
c1=Q {Normal} 0-1

[Event "Rated Blitz game"]
[Site "?"]
[Date "2021.11.04"]
[Round "?"]
[White "gaichess"]
[Black "rofaidah"]
[Result "1-0"]
[WhiteElo "2446"]
[BlackElo "2491"]
[PlyCount "119"]
[EventDate "2021.??.??"]
[EventType "blitz"]

1. e4 e5 2. Nf3 d5 3. exd5 e4 4. Qe2 Nf6 5. d3 Bf5 6. Nh4 Bg6 7. Nxg6 hxg6 8.
dxe4 Bd6 9. Nc3 O-O 10. Be3 Be5 11. Qd3 Bxc3+ 12. bxc3 Nbd7 13. f3 Ne5 14. Qd4
Re8 15. Be2 b6 16. O-O Ned7 17. a4 a5 18. Bb5 Rf8 19. Bc6 Rb8 20. e5 Ne8 21. f4
Nc5 22. Qc4 Qe7 23. Rab1 Rd8 24. Bxc5 bxc5 25. Rb5 g5 26. Qxc5 Qxc5+ 27. Rxc5
gxf4 28. Rxf4 Rb8 29. Rb5 Rxb5 30. axb5 g6 31. Ra4 Ng7 32. Rxa5 Nf5 33. Ra8
Rxa8 34. Bxa8 Kf8 35. Kf2 Ke7 36. Bc6 g5 37. g3 Nh6 38. Kf3 f5 39. c4 Ng4 40.
e6 Ne5+ 41. Ke3 Nxc4+ 42. Kd4 Nd2 43. c4 Nf3+ 44. Ke3 Ne5 45. Kd4 Nf3+ 46. Kc3
f4 47. gxf4 gxf4 48. c5 Ne5 49. Kd4 f3 50. Kxe5 f2 51. d6+ Kf8 52. Bg2 cxd6+
53. cxd6 Ke8 54. Bf1 Kd8 55. h4 Ke8 56. h5 Kf8 57. h6 Kg8 58. d7 Kh7 59. d8=Q
Kxh6 60. Qg8 {Normal} 1-0

[Event "Rated Blitz game"]
[Site "?"]
[Date "2021.11.04"]
[Round "?"]
[White "ackaliyorabisi"]
[Black "DOOGE228"]
[Result "1-0"]
[WhiteElo "2465"]
[BlackElo "2487"]
[PlyCount "41"]
[EventDate "2021.??.??"]
[EventType "blitz"]

1. e4 e5 2. Nf3 d5 3. exd5 e4 4. Qe2 Nf6 5. d3 Qxd5 6. Nc3 Bb4 7. Nd2 Bxc3 8.
bxc3 O-O 9. dxe4 Qc5 10. Qc4 Qe7 11. Bd3 Nc6 12. O-O Ne5 13. Qb3 Rd8 14. c4
Neg4 15. h3 Qe5 16. hxg4 Nxg4 17. Nf3 Qh5 18. Bf4 Rd6 19. Bxd6 cxd6 20. Qb5 f5
21. exf5 {Normal} 1-0

[Event "Rated Blitz game"]
[Site "?"]
[Date "2021.11.04"]
[Round "?"]
[White "samuel2900"]
[Black "tactinhos2900"]
[Result "0-1"]
[WhiteElo "2563"]
[BlackElo "2598"]
[PlyCount "86"]
[EventDate "2021.??.??"]
[EventType "blitz"]

1. e4 e5 2. Nf3 d5 3. Nxe5 Bd6 4. d4 dxe4 5. Bc4 Bxe5 6. Qh5 Qe7 7. Qxe5 Qxe5
8. dxe5 Nc6 9. Nc3 Bf5 10. Bb5 Nge7 11. Bf4 O-O-O 12. Bg3 h5 13. h4 Nd4 14. Ba4
Ng6 15. O-O-O c6 16. Rhe1 Rhe8 17. Nxe4 b5 18. c3 Bxe4 19. Rxe4 Nf5 20. Rxd8+
Kxd8 21. Bb3 Nxg3 22. fxg3 Nxe5 23. Rd4+ Kc7 24. Bd1 g6 25. Bf3 f5 26. Be2 Nd7
27. Kd2 Nf6 28. Bf3 Re5 29. Rd3 Ne4+ 30. Bxe4 Rxe4 31. Re3 Rg4 32. Ke2 f4 33.
gxf4 Rxg2+ 34. Kf3 Rxb2 35. Re6 Rh2 36. Rxg6 Rxh4 37. Ke4 Rh1 38. Ke5 h4 39.
Rh6 h3 40. f5 h2 41. Kf6 Kd6 42. Rh7 Kd5 43. Ke7 Re1+ {Normal} 0-1

[Event "Rated Blitz game"]
[Site "?"]
[Date "2021.11.04"]
[Round "?"]
[White "Doctor_Zhivago"]
[Black "Erickglezmesa"]
[Result "0-1"]
[WhiteElo "2294"]
[BlackElo "2434"]
[PlyCount "88"]
[EventDate "2021.??.??"]
[EventType "blitz"]

1. e4 e5 2. Nf3 d5 3. Nxe5 dxe4 4. d4 exd3 5. Bxd3 Bd6 6. Qe2 Qe7 7. Nc4 Qxe2+
8. Bxe2 Be7 9. O-O Nf6 10. Nc3 O-O 11. Bf4 c6 12. Rfe1 Bf5 13. Ne3 Be6 14. Rad1
Nbd7 15. Bc4 Nc5 16. Bg5 Rfd8 17. h3 Rxd1 18. Rxd1 Rd8 19. Rxd8+ Bxd8 20. b4
Bxc4 21. Nxc4 Ne6 22. Bh4 Be7 23. a3 Kf8 24. Na5 Nd8 25. Kf1 Ne8 26. Bxe7+ Kxe7
27. Ke2 Nd6 28. Kd3 Ne6 29. g3 h5 30. Ne4 Nd8 31. Nxd6 Kxd6 32. c4 b6 33. Nb3
c5 34. Ke4 g6 35. Nd2 f5+ 36. Kf4 Ne6+ 37. Ke3 g5 38. f4 g4 39. h4 Nd4 40. Kd3
Nf3 41. Nxf3 gxf3 42. Ke3 cxb4 43. axb4 a5 44. bxa5 bxa5 {Normal} 0-1

[Event "Rated Blitz game"]
[Site "?"]
[Date "2021.11.04"]
[Round "?"]
[White "ZhohoFF"]
[Black "selendic95"]
[Result "0-1"]
[WhiteElo "2638"]
[BlackElo "2641"]
[PlyCount "92"]
[EventDate "2021.??.??"]
[EventType "blitz"]

1. e4 e5 2. Nf3 d5 3. d4 dxe4 4. Nxe5 Nd7 5. Nxd7 Bxd7 6. Nc3 f5 7. Bf4 Nf6 8.
Qd2 Bd6 9. Bxd6 cxd6 10. Bc4 Rc8 11. Bb3 Qe7 12. O-O-O Be6 13. d5 Bd7 14. f3
O-O 15. Rde1 a5 16. a4 Qe5 17. fxe4 fxe4 18. Re3 Bf5 19. h3 b6 20. Rhe1 Rfe8
21. Kb1 Rc5 22. g4 Bg6 23. Nb5 Nd7 24. Nd4 Rcc8 25. h4 Nc5 26. Ba2 Bf7 27. Nc6
Qf4 28. Bc4 Rxc6 29. dxc6 Bxc4 30. c7 Be6 31. Qd4 d5 32. b4 axb4 33. Qxb4 Qxc7
34. Rf1 Bxg4 35. Ree1 Bf3 36. h5 Ra8 37. h6 Rxa4 38. Qb2 Na6 39. Rxf3 Rb4 40.
Rb3 Rxb3 41. Qxb3 Qc5 42. Rxe4 gxh6 43. Rg4+ Kf7 44. Qf3+ Ke6 45. Rg7 Qb4+ 46.
Kc1 Qa3+ {Time forfeit} 0-1